Paladear con el cerebro /
Se trata de la actual gastronomía que por medio de las percepciones la usual el degustar y añadiendo la olfativa han generado una serie de combinación de alimentos para producir en el comensal un gusto no solo por la calidad del alimento sino de sobresaltar la percepción.
Guardat en:
| Autor principal: | |
|---|---|
| Format: | Llibre |
| Idioma: | espanyol |
| Publicat: |
Madrid, España :
Consejo Superior de Investigaciones Científicas : Los Libros de la Catarata,
2012, c2012
|
| Col·lecció: | (¿Qué Sabemos de? ;
33) |
| Matèries: | |
| Etiquetes: |
Sense etiquetes, Sigues el primer a etiquetar aquest registre!
|
MARC
| LEADER | 00000nam^a2200000^a^4500 | ||
|---|---|---|---|
| 001 | 000330102 | ||
| 005 | 20250521000000.0 | ||
| 009 | 20260526140655.715 | ||
| 020 | |a 978-84-00-09502-4 | ||
| 020 | |a 978-84-8319-719-6 | ||
| 037 | |a Acervo ITESO - Biblioteca | ||
| 041 | |a ESP | ||
| 082 | |a 641. 013 |b CUD | ||
| 100 | |a Cudeiro Mazaira, Francisco Javier |e (autor) | ||
| 245 | 1 | 0 | |a Paladear con el cerebro / |c F.J. Cudeiro Mazaira ; pról. de Juan Lerma. |
| 264 | 4 | |a Madrid, España : |b Consejo Superior de Investigaciones Científicas : |b Los Libros de la Catarata, |c 2012, c2012 | |
| 300 | |a 126 p. | ||
| 336 | |a texto |b txt |2 rdacontenido | ||
| 337 | |a sin mediación |b n |2 rdamedio | ||
| 338 | |a volumen |b nc |2 rdasoporte | ||
| 440 | 1 | |a (¿Qué Sabemos de? ; |v 33) | |
| 520 | |a Se trata de la actual gastronomía que por medio de las percepciones la usual el degustar y añadiendo la olfativa han generado una serie de combinación de alimentos para producir en el comensal un gusto no solo por la calidad del alimento sino de sobresaltar la percepción. | ||
| 649 | |a XX | ||
| 650 | |a Alimentos y Bebidas - |x Evaluación Sensorial | ||
| 650 | |a Percepción Gustativa | ||
| 650 | |a Percepción Olfativa | ||
| 650 | |a Sentidos y Sensaciones | ||
| 650 | |a Gastronomía - |x Tema Principal | ||
| 910 | |a Fondo General | ||
| 920 | |a Impresos - Libros | ||
| 930 | |a Colección General | ||
| 905 | |a 101 | ||
| 901 | |a 0500219872 |b IT1 |c ACC |i C135918 |u 20250521 | ||
| 902 | |a https://opac.biblio.iteso.mx/vufind/Record/000330102 | ||